00533nam a22001577a 450000500170000001000160001702000260003303500140005903700130007308200080008610000170009424500580011126000530016927000770022230000760029920221227150642.0 aENG- 135952 a9789354791802c750.00 aEN-119484 bDBAD/PUB a330 aDas, Satya P aManagerial Economics/cby Satya P. Das and J.k.Goyal aNew DelhibSage publications india pvt ltdc2022 aB1/1-1 Mohan cooperative industrial area Mathura roadbNew Delhie110044 axxv,vp bAppendix, Partial answers to select questions,indexc23cm(pbk)